000 01057nam a22003017a 4500
001 10076
003 FISKH
005 20260403110309.0
008 260403b cb ||||| |||| 00| 0 eng d
020 _a0689829418
020 _a0689874448
040 _aFISKH
_beng
_cFISKH
_dFISKH
050 _aPZ7 .V816 .S
082 _a303
100 _aViorst, Judith
_eAuthor
245 _aSuper-completely and totally the messiest /
_cby Judith Viorst ; illustrated by Robin Preiss Glasser
260 _aNew York :
_bAladdin Paperbacks ,
_c2001
300 _a30 unnumbered pages :
_bcolor illustrations ;
_c18 cm
505 _aN
520 _aOlivia, who is very neat and practically perfect, despairs because her sister Sophia is super-completely and totally the messiest person, no matter where she goes or what she does.
521 8 _a550
_bLexile estimate
521 8 _aN
_bRaz-Plus
650 _aHumor
_vMessiness
650 _aFeelings
_vFamily
700 _aGlasser, Robin Preiss
_eIllustrator
942 _2ddc
_cBK
_n0
999 _c10076
_d10076